| 000 -LEADER |
| fixed length control field |
00928nam a2200217Ia 4500 |
| 003 - CONTROL NUMBER IDENTIFIER |
| control field |
OSt |
| 005 - DATE AND TIME OF LATEST TRANSACTION |
| control field |
20241007102201.0 |
| 007 - PHYSICAL DESCRIPTION FIXED FIELD--GENERAL INFORMATION |
| fixed length control field |
ca aa aaaaa |
| 008 - FIXED-LENGTH DATA ELEMENTS--GENERAL INFORMATION |
| fixed length control field |
201103s9999 xx 000 0 und d |
| 040 ## - CATALOGING SOURCE |
| Transcribing agency |
SSBUL |
| 041 ## - LANGUAGE CODE |
| Language code of text/sound track or separate title |
bur |
| 082 ## - DEWEY DECIMAL CLASSIFICATION NUMBER |
| Classification number |
၂၉၄.၃၈၂၃၅၃ |
| Edition number |
23 |
| Item number |
၁၃၁၆၄ S-SAT |
| 100 0# - MAIN ENTRY--PERSONAL NAME |
| Personal name |
သြဘာသ၊ ဦး၊ ဆရာတော်၊ မင်းပူး- |
| 9 (RLIN) |
54914 |
| 245 10 - TITLE STATEMENT |
| Title |
မဟောသဓဇာတ်တော်ကြီး၊ |
| Number of part/section of a work |
ပထမတွဲ / |
| Statement of responsibility, etc. |
မင်းပူးဆရာတော်ဦးဩဘာသ။ |
| 260 ## - PUBLICATION, DISTRIBUTION, ETC. |
| Place of publication, distribution, etc. |
ရန်ကုန် ၊ |
| Name of publisher, distributor, etc. |
ပြန်ကြားရေးဝန်ကြီးဌာန၊ |
| Date of publication, distribution, etc. |
၁၉၈၄။ |
| 300 ## - PHYSICAL DESCRIPTION |
| Extent |
ဍ၊ ၃၂၂ စာမျက်နှာ ၊ |
| Dimensions |
၁၇ စင်တီ။ |
| 500 ## - GENERAL NOTE |
| General note |
S-SAT: Dr. Sai Aung Tun |
| 650 ## - SUBJECT ADDED ENTRY--TOPICAL TERM |
| Topical term or geographic name entry element |
ဇာတ်တော်ကြီး |
| 9 (RLIN) |
34528 |
|
| Topical term or geographic name entry element |
ဇာတက |
| 942 ## - ADDED ENTRY ELEMENTS (KOHA) |
| Source of classification or shelving scheme |
|
| Koha item type |
Book (Short term) |